Countries by tallest Skyscraper - Statistics

General Stats
  • This quiz has been taken 32 times
  • The average score is 10 of 13
Answer Stats
Picture Answer % Correct
Saudi Arabia
100%
United Kingdom
91%
USA
91%
China
87%
United Arab Emirates
87%
Russia
78%
South Korea
78%
Taiwan
78%
Germany
74%
Australia
70%
Thailand
57%
Chile
48%
Vietnam
48%
No matching quizzes found
Score Distribution
Percent of People with Each Score
Percentile by Number Answered
Your Score History
You have not taken this quiz